Chaetognatha: keys and notes for the identification of the species

Guardado en:
Detalles Bibliográficos
Autores principales: Pierrot-Bults, A. C (Autor), Chidgey, K. C (Autor)
Formato: Libro
Lenguaje:inglés
Publicado: Londres The Linnean Society of London 1988
Londres The Estuarine and Brackish-Water Sciences Association 1988
Colección:Synopses of the British Fauna, 39
Materias:
Etiquetas: Agregar Etiqueta
Sin Etiquetas, Sea el primero en etiquetar este registro!

MARC

LEADER 00000nam a2200000 a 4500
001 UCV5333
003 CL-VaPUC
008 930329e19880000UK |||||||||||||||||eng|d
082 0 4 |a 595.186  |b PIE  |2 21 
100 0 |a Pierrot-Bults, A. C  |e author  |9 299662 
700 0 |a Chidgey, K. C  |e author  |9 299663 
245 1 0 |a Chaetognatha: keys and notes for the identification of the species 
300 |a 66 p 
942 |c BK 
945 |d 19930329 00:00:00 
260 |a Londres  |b The Linnean Society of London  |c 1988 
260 |a Londres  |b The Estuarine and Brackish-Water Sciences Association  |c 1988 
650 0 |a Plancton marino  |9 261723 
650 0 |a Invertebrados  |9 261302 
583 |a last modification  |c 20120511 11:13:27  |k Rodrigo Vera 
490 0 |a Synopses of the British Fauna, 39 
999 |c 211889  |d 211887 
952 |0 0  |1 0  |4 0  |6 595_186000000000000_PIE_1988_1988  |7 0  |8 CCM  |9 191911  |a BIBCUR  |b BIBCUR  |d 2019-11-14  |i 2594404  |o 595.186 PIE 1988 1988  |p 2594404  |r 2025-04-22  |w 2019-11-14  |y BK  |k CIM